| 000 -LEADER |
| fixed length control field |
00799nam a2200217 a 4500 |
| 001 - CONTROL NUMBER |
| control field |
:::00013652$&:&@@ |
| 003 - CONTROL NUMBER IDENTIFIER |
| control field |
OkBaRHE |
| 005 - DATE AND TIME OF LATEST TRANSACTION |
| control field |
20100324123247.0 |
| 008 - FIXED-LENGTH DATA ELEMENTS--GENERAL INFORMATION |
| fixed length control field |
s1976 j 000 0 eng u |
| 040 ## - CATALOGING SOURCE |
| Transcribing agency |
|
| 100 1# - MAIN ENTRY--PERSONAL NAME |
| Personal name |
Barclay, William, 1907-1978. |
| 245 14 - TITLE STATEMENT |
| Title |
The Revelation of John; vol. 2. |
| 250 ## - EDITION STATEMENT |
| Edition statement |
Rev. ed. |
| 260 ## - PUBLICATION, DISTRIBUTION, ETC. (IMPRINT) |
| Place of publication, distribution, etc |
Philadelphia, PA., : |
| Name of publisher, distributor, etc |
Westminster Press |
| Date of publication, distribution, etc |
1976 |
| 300 ## - PHYSICAL DESCRIPTION |
| Extent |
v. (1-2) ; |
| Dimensions |
19 cm. |
| 490 0# - SERIES STATEMENT |
| Series statement |
The daily study Bible series. |
| 650 ## - SUBJECT ADDED ENTRY--TOPICAL TERM |
| Topical term or geographic name as entry element |
Bible New Testament Revelation |
| General subdivision |
Commentaries |
| 942 ## - ADDED ENTRY ELEMENTS (KOHA) |
| Source of classification or shelving scheme |
|
| Koha item type |
Books |